000
00328nam a22001457a 4500
008
210514b ||||| |||| 00| 0 eng d
020
_a
0521260221
041
_a
eng
080
_a
82
082
_a
82
100
_a
21
101
_a
GJL
245
_a
The Cambridge Guide To English Literature
_c
Stapleton,M
942
_2
udc
_c
BK
999
_c
57340
_d
57340